00273nam a2200109Ia 4500008004100000100001300041245003900054260003600093650001000129942000700139999001700146190216s9999||||xx |||||||||||||| ||und|| aRama D S 0aHindi-Kal Jeevika Sadan Ke Rup Mem bCalicut University Publications aHindi cBK c15475d15475